000 01163nam a2200325 i 4500
001 179903
003 ES-MaACL
005 20250805005729.0
008 120222s2010 sp aco |||| | spa d
020 _a978-84-92639-15-1
080 _a821.134.2-23"19"
100 1 _aDombriz, Elicio.
_9149430
245 1 0 _aHáblame de Herbert
_b; De piel dorada /
_cde Elicio Dombriz Andrada ; edición de Irene Aragón González.
246 3 0 _aDe piel dorada
246 3 _aPremios Lope de Vega, 1983-1984
250 _a1ª ed.
260 _aMadrid :
_bAsociación de Directores de Escena de España,
_c2010.
300 _a231 p. :
_bil., fot. ;
_c22 cm.
490 1 _aPublicaciones de la ADE
490 1 _aPremios Lope de Vega ;
_v20
504 _aBibliografía: p. 49-50.
700 1 _aAragón González, Irene.
_922187
710 2 _aAsociación de Directores de Escena.
_9159413
830 0 _aPublicaciones de la ADE
_9191140
830 0 0 _aPremios Lope de Vega
_v20
_9189480
852 _aES-MaACL
_9186805
_jA-11982
_bR.148520
_dOlim: N-4987
_cDEPO1
942 _2udc
_cMONOGRAFIA
999 _c179903
_d179903